Statistics for Winningest nascar driver from each season

Click here to take the quiz!

General Stats

  • This quiz has been taken 17 times
  • The average score is 57 of 87

Answer Stats

YearHow many races
they won
Number of the
car they drove
Manufacturer of
the car they drove
Team/person
that they drove for
Answer% Correct
2009748ChevroletHendrick
Motorsports
Jimmie Johnson
100%
2016548ChevroletHendrick
Motorsports
Jimmie Johnson
100%
2012548ChevroletHendrick
Motorsports
Jimmie Johnson
100%
2013648ChevroletHendrick
Motorsports
Jimmie Johnson
100%
20071048ChevroletHendrick
Motorsports
Jimmie Johnson
100%
2004848ChevroletHendrick
Motorsports
Jimmie Johnson
100%
2000620PontiacJoe Gibbs
Racing
Tony Stewart
100%
2011514ChevroletStewart-Haas
Racing
Tony Stewart
100%
1985119FordMelling RacingBill Elliott
92%
199259FordMelling RacingBill Elliott
92%
19981224ChevroletHendrick
Motorsports
Jeff Gordon
92%
19971024ChevroletHendrick
Motorsports
Jeff Gordon
92%
19961024ChevroletHendrick
Motorsports
Jeff Gordon
92%
1999724ChevroletHendrick
Motorsports
Jeff Gordon
92%
1995724ChevroletHendrick
Motorsports
Jeff Gordon
92%
2001624ChevroletHendrick
Motorsports
Jeff Gordon
92%
2015622FordTeam PenskeJoey Logano
92%
2018818ToyotaJoe Gibbs
Racing
Kyle Busch
92%
2021105ChevroletHendrick
Motorsports
Kyle Larson
92%
1958742, 2OldsmobilePetty EnterprisesLee Petty
92%
19591143, 42Oldsmobile, PlymouthPetty EnterprisesLee Petty
92%
2019719ToyotaJoe Gibbs
Racing
Martin Truex Jr.
92%
2017819ToyotaJoe Gibbs
Racing
Martin Truex Jr.
92%
19741043DodgePetty EnterprisesRichard Petty
92%
19751343DodgePetty EnterprisesRichard Petty
92%
19712143PlymouthPetty EnterprisesRichard Petty
92%
19701843PlymouthPetty EnterprisesRichard Petty
92%
19681643PlymouthPetty EnterprisesRichard Petty
92%
19672743PlymouthPetty EnterprisesRichard Petty
92%
19631443PlymouthPetty EnterprisesRichard Petty
92%
201884FordStewart-Haas
Racing
Kevin Harvick
85%
202084FordStewart-Haas
Racing
Kevin Harvick
85%
202259ChevroletHendrick
Motorsports
Chase Elliot
77%
1949222OldsmobileRaymond ParksRed Byron
77%
2023624ChevroletHendrick
Motorsports
William Byron
77%
201462FordTeam PenskeBrad Keselowski
69%
19821217BuickJunior JohnsonDarrell Waltrip
69%
1979717ChevroletDarrell Waltrip
69%
1989617ChvroletHendrick
Motorsports
Darrell Waltrip
69%
19811217BuickDarrell Waltrip
69%
1983617ChevroletDarrell Waltrip
69%
1984717ChevroletJunior JohnsonDarrell Waltrip
69%
19761021MercuryWood Brothers
Racing
David Pearson
69%
19681617FordHolman-MoodyDavid Pearson
69%
1966156DodgeOwens RacingDavid Pearson
69%
19731121MercuryWood Brothers
Racing
David Pearson
69%
2013620ToyotaJoe Gibbs
Racing
Matt Kenseth
69%
2002517FordRoush Fenway
Racing
Matt Kenseth
69%
199482FordTeam PenskeRusty Wallace
69%
1988627PontiacBlue Max RacingRusty Wallace
69%
1989627PontiacBlue Max RacingRusty Wallace
69%
1993102PontiacTeam PenskeRusty Wallace
69%
19721016ChevroletJunior JohnsonBobby Allison
62%
1983622BuickDiGard RacingBobby Allison
62%
19741011ChevroletJunior JohnsonCale Yarborough
62%
1977911ChevroletCale Yarborough
62%
19781011OldsmobileCale Yarborough
62%
1980511ChevroletCale Yarborough
62%
2008999FordRoush Fenway
Racing
Carl Edwards
54%
2012511ToyotaJoe Gibbs
Racing
Denny Hamlin
54%
2010811ToyotaJoe Gibbs
Racing
Denny Hamlin
54%
19651311, 25FordBondy Long,
Jabe Thomas
Ned Jarrett
54%
19641511FordBurton Robinson,
Bondy Long
Ned Jarrett
54%
19531292HudsonThomas RacingHerb Thomas
46%
19541292
Hudson
Thomas RacingHerb Thomas
46%
1952892, 9HudsonThomas RacingHerb Thomas
46%
195518300, 301, 2, 16Chrysler, ChevroletCarl Kiekhaefer,
Hubert Westmoreland
Tim Flock
46%
1952891HudsonTed ChesterTim Flock
46%
198869FordMelling RacingBill Elliot
38%
195614301, 500B, 300C, 87, 300, 502, 31, 501, 00Chrysler, DodgeSatcher Motors,
Carl Kiekhaefer,
John Whitford
Buck Baker
38%
19571087ChevroletHugh Babb, Buck
Baker Racing
Buck Baker
38%
2005616FordRoush Fenway
Racing
Greg Biffle
38%
200669DodgeEvernham
Motorsports
Kasey Kahne
38%
19691771DodgeK&K Insurance
Racing
Bobby Isaac
31%
1987113ChevroletRichard Cildress
Racing
Dale Earnhardt Sr.
31%
199083ChevroletRichard Childress
Racing
Dale Earnhardt Sr.
31%
196198, 7, 16Pontiac, FordDoc White,
Bud Moore
engineering
Joe Weatherly
31%
196298PontiacBud Moore
engineering
Joe Weatherly
31%
2003612DodgeTeam PenskeRyan Newman
31%
196064, 41,74Chevrolet, FordScotty Cain, L.D.
Austin
Rex White
23%
1991528FordRobert Yates
Racing
Davey Allison
15%
1992528FordRobert Yates
Racing
Davey Allison
15%
1986725ChevroletHendrick
Motorsports
Tim Richmond
15%
194927, 14Hudson, Ford, OldsmobileDavis Brothers,
Raymond Parks,
Frank Christian
Bob Flock
0%
1950441Lincoln, OldsmobilePaul Roberts,
Eanes Motor Co.
Curtis Turner
0%
1951814, 7OldsmobileFrank Christian,
Ted Chester
Fonty Flock
0%
199157OldsmobileKenny Childers
Racing
Harry Grant
0%

Score Distribution

Percentile by Number Answered

Percent of People with Each Score

Your Score History

You have not taken this quiz